Marvel Characters with an MCU Appearance - Sudden Death - Statistics

General Stats
  • This quiz has been taken 94 times
  • The average score is 7 of 15
Answers on the Grid
Answers color-coded by a green-red scale on the quiz's grid according to % correct below.
Nova
Howard the Duck
Ka-Zar
Sersi
Blue Marvel
Storm
Professor X
Squirrel Girl
Cosmo
Dum Dum Dugan
Human Torch
The Beyonder
Rhino
A-Bomb
Shocker
Mole Man
Ghost Rider
Captain Britan
Green Goblin
Molecule Man
She-Hulk
Ares
Cyclops
Magneto
Mephisto
Blade
Hercules
Beast
Miles Morales
Black Knight
 
Answer Stats
Answer % Correct
Professor X
68%
Howard the Duck
67%
Human Torch
56%
Sersi
56%
She-Hulk
56%
Green Goblin
47%
Blade
39%
Cosmo
39%
Beast
37%
Shocker
37%
Hercules
33%
Mephisto
32%
Black Knight
30%
Dum Dum Dugan
30%
Mole Man
28%
No matching quizzes found
Score Distribution
Percent of People with Each Score
Percentile by Number Answered
Your Score History
You have not taken this quiz